000 00406nam a22001217a 4500
999 _c515993
_d515993
082 _aTNC AA B469
100 _aBhajanananda, Swami
_922275
245 _aThe light of the modern world :
_bThe universal significance of sri ramakrishna's avatarahood and message
_cby Swami Bhajanananda
260 _aKolkata
_bAdvaita
_c2012
300 _a268p.
650 _aPhilosophy, Hindu
_923428
650 _aReligion
_923429